Effect of nitrogen (N) and mulching on mungbean (vigna radiata) grown after wet seeason rice on prateah lang soil, ប្រសិទ្ធភាពនៃជីអាសូត (N) និងគម្របចំបើងលើដំណាំសណ្ដែកបាយ (vigna radiata) ដំាបន្ទាប់ពីស្រូវវស្សា នៅលើក្រុមដីប្រទះឡាង (Record no. 7670)

000 -LEADER
fixed length control field 00807nam a22001577a 4500
003 - CONTROL NUMBER IDENTIFIER
control field OSt
005 - DATE AND TIME OF LATEST TRANSACTION
control field 20160321091337.0
008 - FIXED-LENGTH DATA ELEMENTS--GENERAL INFORMATION
fixed length control field 160321b xxu||||| |||| 00| 0 eng d
040 ## - CATALOGING SOURCE
Transcribing agency RUA
082 ## - DEWEY DECIMAL CLASSIFICATION NUMBER
Classification number AGR TRY 2011 B471 Or.1
100 ## - MAIN ENTRY--PERSONAL NAME
9 (RLIN) 8070
Personal name TRY SUNLENG ; ទ្រី ស៊ុនឡេង
245 ## - TITLE STATEMENT
Title Effect of nitrogen (N) and mulching on mungbean (vigna radiata) grown after wet seeason rice on prateah lang soil, ប្រសិទ្ធភាពនៃជីអាសូត (N) និងគម្របចំបើងលើដំណាំសណ្ដែកបាយ (vigna radiata) ដំាបន្ទាប់ពីស្រូវវស្សា នៅលើក្រុមដីប្រទះឡាង
260 ## - PUBLICATION, DISTRIBUTION, ETC. (IMPRINT)
Place of publication, distribution, etc. Phnom Penh
Name of publisher, distributor, etc. RUA
Date of publication, distribution, etc. 2011
300 ## - PHYSICAL DESCRIPTION
Extent x ; 37p.
Other physical details ill.
Dimensions 29cm.
942 ## - ADDED ENTRY ELEMENTS (KOHA)
Source of classification or shelving scheme
Koha item type AGR
Holdings
Price effective from Date last seen Permanent Location Not for loan Date acquired Source of classification or shelving scheme Koha item type Lost status Withdrawn status Date last checked out Total Checkouts Shelving location Damaged status Barcode Current Location Checked out Full call number
2016-03-212016-08-03Library Block B 2016-03-21 AGR  2016-08-032B471 RUA058345Library Block B2016-08-20AGR TRY 2011 B471 Or.1
មជ្ឈមណ្ឌលឯការនៃសាកលវិទ្យាល័យភូមិន្ទកសិកម្មចំការដូង

Powered by Koha